Zákon o ochrane osobných údajov zákon s komentárom

Úplné znenie zákona s. 428/2002 Z.z. o ochrane osobných údajov s komentárom. Tento zákon upravuje ochranu osobných údajov fyzických osôb pri ich spracúvaní, zásady spracúvania osobných údajov, bezpečnosť osobných údajov, ochranu práv dotknutých osôb, cezhraničný tok osobných údajov, registráciu a ev...

Ausführliche Beschreibung

Gespeichert in:
Bibliographische Detailangaben
1. Verfasser: Stankoviansky, Ľuboš
Format: Buchkapitel
Sprache:Slowakisch
Schlagworte:
Tags: Tag hinzufügen
Keine Tags, Fügen Sie das erste Tag hinzu!

MARC

LEADER 00000naa a2200000 4500
001 r047085
005 20230711120941.2
041 0 |a slo 
044 |a SK 
245 1 0 |a Zákon o ochrane osobných údajov  |b zákon s komentárom  |c Ľuboš Stankoviansky 
520 |a Úplné znenie zákona s. 428/2002 Z.z. o ochrane osobných údajov s komentárom. Tento zákon upravuje ochranu osobných údajov fyzických osôb pri ich spracúvaní, zásady spracúvania osobných údajov, bezpečnosť osobných údajov, ochranu práv dotknutých osôb, cezhraničný tok osobných údajov, registráciu a evidenciu informačných systémov, zriadenie, postavenie a pôsobnosť Úradu na ochranu osobných údajov. Tento zákon nadobúda účinnosť dňa 1. septembra 2002, s výnimkou par. 35, ods. 2, ktorý nadobúda účinnosť 1. decembra 2003. 
610 2 0 |a ochrana údajov osobných 
610 2 0 |a Úrad na ochranu osobných údajov Bratislava 
610 2 0 |a zákony 
610 2 0 |a Slovensko 
610 2 0 |a komentáre 
610 2 0 |a 2002 
100 1 |a Stankoviansky, Ľuboš